000
00343nam a2200145Ia 4500
008
130318s9999 xx 000 0 und d
020
_a
8120304861
082
_a
658 MAS/E
100
_a
Massie, Joseph L
245
_a
Essentials of management
250
_a
4
260
_b
PHI Learning
_a
New Delhi
_c
2002
300
_a
301
650
_a
MANAGEMENT
999
_c
531
_d
531